| 000 | 00499nam a2200205 a 4500 | ||
|---|---|---|---|
| 003 | AR-BaBNM | ||
| 005 | 20251128205300.0 | ||
| 008 | 082120s2002 ||||||||||||||000 | spa|| | ||
| 020 | _a84-294-4534-X | ||
| 040 | _cAR-BaBNM | ||
| 245 | 0 | 0 |
_aRichmond Compact Dictionary _bespañol-inglés, english-spanish |
| 260 |
_aLondon _bRichmond _c1995 |
||
| 300 | _a716 p. | ||
| 650 | 4 | _aDICCIONARIOS | |
| 650 | 4 | _aESPAÑOL | |
| 650 | 4 | _aINGLES | |
| 655 | _aREFERENCIA | ||
| 942 | _cBK | ||
| 998 | _claura | ||
| 999 |
_c10724 _d10724 |
||